[Event "Trois-Riveres op"]
[Site "Trois-Rivieres CAN"]
[Date "2017.03.17"]
[Round "1.10"]
[White "Singher, Jean-Pierre"]
[Black "Beaulieu, Eric"]
[Result "0-1"]
[WhiteElo "2021"]
[BlackElo "2222"]
[WhiteFideId "-1"]
[WhiteFideId "-1"]
[PlyCount "55"]
[GameId "2160767908478103"]
[EventDate "2017.03.17"]
[EventType "swiss"]
[EventRounds "5"]
[EventCountry "CAN"]
[SourceTitle "hb 2017"]

1. d4 d5 2. Nf3 Nf6 3. g3 c5 4. c3 e6 5. Bg2 Be7 6. O-O O-O 7. Nbd2 Nc6 8. a3 cxd4 9. cxd4 Qb6 10. e3 a5 11. b3 Bd7 12. Ne5 Be8 13. Nd3 Rc8 14. Bb2 Na7 15. Nc5 Bb5 16. Re1 Rfd8 17. Rc1 Be8 18. f4 Nd7 19. Qg4 f5 20. Nxd7 Bxd7 21. Qd1 Rxc1 22. Bxc1 Nb5 23. Nb1 Rc8 24. Bb2 Nd6 25. a4 Bxa4 26. bxa4 Qxb2 27. Qd3 Rc2 28. Bf3 0-1

[Event "Trois-Riveres op"]
[Site "Trois-Rivieres CAN"]
[Date "2017.03.17"]
[Round "1.11"]
[White "Libersan, Thierry"]
[Black "Bleau, John"]
[Result "1-0"]
[WhiteElo "2214"]
[BlackElo "1929"]
[WhiteFideId "-1"]
[WhiteFideId "-1"]
[PlyCount "43"]
[GameId "2160767908478104"]
[EventDate "2017.03.17"]
[EventType "swiss"]
[EventRounds "5"]
[EventCountry "CAN"]
[SourceTitle "hb 2017"]

1. d4 d5 2. Nf3 e6 3. Bf4 Nf6 4. Nbd2 Bd6 5. Bg3 b6 6. e3 Bb7 7. c3 O-O 8. Bd3 c5 9. Ne5 Qc7 10. f4 Nbd7 11. Qf3 Be7 12. O-O a5 13. Rf2 Ba6 14. Bc2 b5 15. Bh4 Rac8 16. Qh3 g6 17. Ndf3 Nxe5 18. fxe5 Nh5 19. g4 Bxh4 20. Qxh4 Ng7 21. Ng5 h5 22. Raf1 1-0

[Event "Trois-Riveres op"]
[Site "Trois-Rivieres CAN"]
[Date "2017.03.17"]
[Round "1.12"]
[White "Qiao, Cindy"]
[Black "Ouellet, Maili-Jade"]
[Result "0-1"]
[WhiteElo "1886"]
[BlackElo "2210"]
[WhiteFideId "-1"]
[WhiteFideId "-1"]
[PlyCount "76"]
[GameId "2160767908478105"]
[EventDate "2017.03.17"]
[EventType "swiss"]
[EventRounds "5"]
[EventCountry "CAN"]
[SourceTitle "hb 2017"]

1. e4 c5 2. Nf3 e6 3. Nc3 a6 4. a4 Nc6 5. d4 cxd4 6. Nxd4 Qc7 7. Nxc6 bxc6 8. Bd3 Nf6 9. O-O d5 10. f4 d4 11. Ne2 c5 12. c4 Bb7 13. e5 Qc6 14. Rf3 Ne4 15. Ng3 f5 16. exf6 Nxf6 17. Qe2 O-O-O 18. f5 exf5 19. Bxf5+ Kb8 20. Rb3 Bd6 21. Bg5 Rhe8 22. Qf2 Re7 23. a5 Bc7 24. Bf4 Ka8 25. Bxc7 Qxc7 26. Re1 Rxe1+ 27. Qxe1 Re8 28. Qd2 g6 29. Bh3 Qe5 30. Rb6 h5 31. Qf2 d3 32. Rxf6 d2 33. Rxa6+ Bxa6 34. Qxd2 Bxc4 35. Bd7 Re7 36. Bc6+ Ka7 37. Be4 h4 38. Qd8 Qd4+ 0-1

[Event "Trois-Riveres op"]
[Site "Trois-Rivieres CAN"]
[Date "2017.03.18"]
[Round "2.3"]
[White "Kleinman, Michael"]
[Black "Huang, Qiuyu"]
[Result "1/2-1/2"]
[WhiteElo "2297"]
[BlackElo "2238"]
[WhiteFideId "-1"]
[WhiteFideId "-1"]
[PlyCount "95"]
[GameId "2160767908478108"]
[EventDate "2017.03.17"]
[EventType "swiss"]
[EventRounds "5"]
[EventCountry "CAN"]
[SourceTitle "hb 2017"]

1. e4 c5 2. Nf3 Nc6 3. Bb5 g6 4. Bxc6 bxc6 5. O-O Bg7 6. Re1 Nh6 7. c3 O-O 8. h3 f6 9. d4 cxd4 10. cxd4 d5 11. Nc3 Nf7 12. e5 fxe5 13. dxe5 Qc7 14. Qd4 Nd8 15. Qh4 Ne6 16. Qg3 Bb7 17. Ng5 Nxg5 18. Bxg5 Rf5 19. f4 Raf8 20. Rac1 e6 21. Ne2 h6 22. Bxh6 Bxh6 23. Qxg6+ Qg7 24. Qxe6+ Kh8 25. Rc3 Bxf4 26. Rf3 c5 27. Nxf4 Rxf4 28. Rxf4 Rxf4 29. Qe8+ Rf8 30. Qh5+ Qh7 31. Qxh7+ Kxh7 32. Rc1 c4 33. b3 Ba6 34. bxc4 Bxc4 35. Rc3 Rf1+ 36. Kh2 Re1 37. Kg3 Rxe5 38. Kf3 Kg6 39. h4 Be2+ 40. Kf2 d4 41. Rc6+ Kf5 42. Rd6 d3 43. h5 Re6 44. Rxe6 Kxe6 45. Ke3 Kf5 46. g4+ Kg5 47. a4 a5 48. Kd2 1/2-1/2

[Event "Trois-Riveres op"]
[Site "Trois-Rivieres CAN"]
[Date "2017.03.18"]
[Round "2.6"]
[White "Ouellet, Maili-Jade"]
[Black "Hirschberg, Valerian"]
[Result "1-0"]
[WhiteElo "2210"]
[BlackElo "2353"]
[WhiteFideId "-1"]
[WhiteFideId "-1"]
[PlyCount "231"]
[GameId "2160767908478111"]
[EventDate "2017.03.17"]
[EventType "swiss"]
[EventRounds "5"]
[EventCountry "CAN"]
[SourceTitle "hb 2017"]

1. d4 d5 2. c4 dxc4 3. e4 e5 4. Nf3 exd4 5. Bxc4 Nc6 6. O-O Be6 7. Bb5 Bc5 8. Nbd2 Nge7 9. Ng5 Ng6 10. Nxe6 fxe6 11. Qc2 Qd6 12. Nc4 Qe7 13. Na5 d3 14. Qc3 O-O 15. Nxb7 Bd4 16. Qxd3 Nge5 17. Qe2 Rab8 18. Ba6 Qh4 19. h3 Nb4 20. Be3 Bxe3 21. fxe3 Qxe4 22. Nc5 Qc6 23. Rfc1 Qb6 24. Bc4 Nd5 25. Bb3 Qd6 26. Ne4 Qe7 27. Rf1 c5 28. Qh5 Nd7 29. Bxd5 exd5 30. Qxd5+ Kh8 31. Rxf8+ Rxf8 32. Rf1 Rxf1+ 33. Kxf1 h6 34. Ke2 Nb6 35. Qf5 Qe8 36. Nc3 c4 37. e4 Qc6 38. g3 Qd6 39. e5 Qc5 40. Kf3 Nd5 41. Nxd5 Qxd5+ 42. Qe4 Qd1+ 43. Qe2 Qh1+ 44. Kg4 Qd5 45. h4 g6 46. Kf4 Kg7 47. Qf2 Qd7 48. g4 a5 49. Qe3 Qe7 50. Kg3 Qb7 51. Qd4 Qc8 52. Kf4 Qf8+ 53. Ke4 Qa8+ 54. Qd5 Qc8 55. e6 Kf6 56. Qe5+ Ke7 57. Qg7+ Kxe6 58. Qxg6+ Ke7 59. Qg7+ Kd6 60. Qxh6+ Kc5 61. Qg5+ Kb4 62. Qe7+ Ka4 63. Kf4 Qb8+ 64. Qe5 Qf8+ 65. Kg3 Qf1 66. Qe8+ Kb4 67. Qe7+ Ka4 68. Qd7+ Kb4 69. Qd6+ Kb5 70. Qd5+ Kb6 71. Qe6+ Kb7 72. Qe3 Ka6 73. h5 Kb5 74. h6 Qh1 75. Qe8+ Kb4 76. Qe7+ Ka4 77. Qd7+ Kb4 78. a3+ Kc5 79. Qc7+ Kb5 80. a4+ Kb4 81. Qd6+ Kxa4 82. Qd7+ Kb4 83. Qd2+ Ka4 84. Qc2+ Kb4 85. Qc3+ Kb5 86. g5 Qg1+ 87. Kf4 Qf2+ 88. Kg4 Qe2+ 89. Kg3 Qe4 90. Qf6 Qe3+ 91. Kg4 Qe2+ 92. Kf5 Qd3+ 93. Ke6 Ka4 94. Qe5 Qg6+ 95. Ke7 Qh7+ 96. Kf8 Kb3 97. Qb5+ Ka2 98. Qxc4+ Kxb2 99. Qb5+ Kc1 100. Qc5+ Kb1 101. Qb6+ Kc2 102. Qf2+ Kb1 103. Qf7 Qh8+ 104. Qg8 Qd4 105. Qh7+ Kc1 106. Qc7+ Kb1 107. Qxa5 Qh8+ 108. Kf7 Qh7+ 109. Kf6 Qh8+ 110. Kf5 Qc8+ 111. Kf4 Qc4+ 112. Ke5 Qe2+ 113. Kf6 Qb2+ 114. Kg6 Qh8 115. Qb5+ Ka1 116. h7 1-0

[Event "Trois-Riveres op"]
[Site "Trois-Rivieres CAN"]
[Date "2017.03.18"]
[Round "2.7"]
[White "Soudre, Nicolas"]
[Black "Daigle, Gilles"]
[Result "1/2-1/2"]
[WhiteElo "2182"]
[BlackElo "2073"]
[WhiteFideId "-1"]
[WhiteFideId "-1"]
[PlyCount "55"]
[GameId "2160767908478112"]
[EventDate "2017.03.17"]
[EventType "swiss"]
[EventRounds "5"]
[EventCountry "CAN"]
[SourceTitle "hb 2017"]

1. e4 c6 2. d4 d5 3. Nc3 dxe4 4. Nxe4 Bf5 5. Ng3 Bg6 6. Nf3 Nd7 7. h4 h6 8. h5 Bh7 9. Bd3 Bxd3 10. Qxd3 Qc7 11. Bd2 e6 12. Ne4 Ngf6 13. O-O-O O-O-O 14. c4 c5 15. Nxf6 Nxf6 16. Bc3 cxd4 17. Nxd4 Be7 18. Qe2 Qf4+ 19. Rd2 Rd7 20. g3 Qe4 21. f3 Qxe2 22. Nxe2 Rxd2 23. Bxd2 Rd8 24. Kc2 Nd7 25. Bc3 Bf6 26. f4 Bxc3 27. Nxc3 Nf6 28. b3 1/2-1/2

[Event "Trois-Riveres op"]
[Site "Trois-Rivieres CAN"]
[Date "2017.03.18"]
[Round "2.8"]
[White "Auger, Bertrand"]
[Black "Luksza, Arkadiusz"]
[Result "0-1"]
[WhiteElo "1966"]
[BlackElo "2178"]
[WhiteFideId "-1"]
[WhiteFideId "-1"]
[PlyCount "62"]
[GameId "2160767908478113"]
[EventDate "2017.03.17"]
[EventType "swiss"]
[EventRounds "5"]
[EventCountry "CAN"]
[SourceTitle "hb 2017"]

1. Nf3 Nf6 2. g3 d5 3. Bg2 c5 4. c4 e6 5. O-O Nc6 6. cxd5 exd5 7. d4 Be7 8. Nc3 O-O 9. dxc5 Bxc5 10. Na4 Be7 11. Be3 Re8 12. Rc1 Bg4 13. h3 Bh5 14. a3 Bd6 15. Nc5 Qe7 16. Bd4 Nxd4 17. Qxd4 b6 18. Nd3 Rad8 19. Rc2 Bg6 20. b4 Be4 21. Ng5 h6 22. Nf3 Bb8 23. Rfc1 Nd7 24. Nd2 Nf8 25. e3 Ne6 26. Qc3 Bg6 27. Rb2 Ng5 28. h4 Ne4 29. Qb3 Nxg3 30. Nf4 Bxf4 31. fxg3 Bxg3 0-1

[Event "Trois-Riveres op"]
[Site "Trois-Rivieres CAN"]
[Date "2017.03.18"]
[Round "2.9"]
[White "Zheng, Richard"]
[Black "Cazelais, Marc"]
[Result "1-0"]
[WhiteElo "1817"]
[BlackElo "2167"]
[WhiteFideId "-1"]
[WhiteFideId "-1"]
[PlyCount "97"]
[GameId "2160767908478114"]
[EventDate "2017.03.17"]
[EventType "swiss"]
[EventRounds "5"]
[EventCountry "CAN"]
[SourceTitle "hb 2017"]

1. d4 g6 2. e4 Bg7 3. Nf3 c6 4. c4 d5 5. exd5 cxd5 6. Nc3 Nf6 7. cxd5 O-O 8. Bc4 Nbd7 9. O-O Nb6 10. Bb3 Nbxd5 11. Re1 e6 12. Bg5 Qa5 13. Bxf6 Nxf6 14. Ne5 Rd8 15. Qd2 Qb4 16. Rad1 a5 17. Ne4 Qxd2 18. Nxf6+ Bxf6 19. Rxd2 a4 20. Bc2 Ra5 21. f4 Rad5 22. Red1 b5 23. Kf2 Bb7 24. Be4 Bxe5 25. Bxd5 Bxd4+ 26. Rxd4 Rxd5 27. Rxd5 Bxd5 28. a3 h5 29. g3 Kg7 30. Ke3 Kf6 31. Rc1 Kf5 32. Rc5 Kg4 33. Kf2 Bc4 34. Rc7 f6 35. Rc5 Kh3 36. Kg1 h4 37. gxh4 Kg4 38. Kf2 Kxf4 39. h5 gxh5 40. Rxh5 e5 41. h4 f5 42. Rh8 e4 43. h5 e3+ 44. Ke1 Kg5 45. h6 Kg6 46. Rf8 Kxh6 47. Rxf5 Kg6 48. Rf3 e2 49. Rf4 1-0

[Event "Trois-Riveres op"]
[Site "Trois-Rivieres CAN"]
[Date "2017.03.18"]
[Round "2.11"]
[White "Laptos, Krzysztof"]
[Black "Turcotte, Jonathan"]
[Result "1-0"]
[WhiteElo "2190"]
[BlackElo "2061"]
[WhiteFideId "-1"]
[WhiteFideId "-1"]
[PlyCount "53"]
[GameId "2160767908478116"]
[EventDate "2017.03.17"]
[EventType "swiss"]
[EventRounds "5"]
[EventCountry "CAN"]
[SourceTitle "EXT 2022"]
[Source "ChessBase"]
[SourceDate "2021.10.06"]
[SourceVersion "1"]
[SourceVersionDate "2021.10.06"]
[SourceQuality "1"]

1. d4 d5 2. Bf4 c5 3. e3 Nc6 4. c3 Nf6 5. Nd2 Bf5 6. Ngf3 e6 7. Bb5 Qb6 8. Qa4 a6 9. Bxc6+ bxc6 10. O-O Qb5 11. Qd1 Qxb2 12. e4 Nxe4 13. Rb1 Qa3 14. Nxe4 Bxe4 15. Rb7 c4 16. Ne5 Bd6 17. Bc1 Qa5 18. Nxf7 Bc7 19. Nxh8 O-O-O 20. Rb4 Rxh8 21. Qg4 Bf5 22. Qxg7 Rd8 23. Bg5 Rd7 24. Qg8+ Bd8 25. Bf4 Rb7 26. g4 e5 27. Bxe5 1-0

[Event "Trois-Riveres op"]
[Site "Trois-Rivieres CAN"]
[Date "2017.03.18"]
[Round "2.12"]
[White "Tanaka, Tyler"]
[Black "Lessard, Claude"]
[Result "1-0"]
[WhiteElo "2022"]
[BlackElo "2162"]
[WhiteFideId "-1"]
[WhiteFideId "-1"]
[PlyCount "85"]
[GameId "2160767908478117"]
[EventDate "2017.03.17"]
[EventType "swiss"]
[EventRounds "5"]
[EventCountry "CAN"]
[SourceTitle "EXT 2022"]
[Source "ChessBase"]
[SourceDate "2021.10.06"]
[SourceVersion "1"]
[SourceVersionDate "2021.10.06"]
[SourceQuality "1"]

1. e4 g6 2. d4 Bg7 3. c4 d6 4. Nf3 c5 5. Nc3 Nf6 6. Be2 O-O 7. O-O Na6 8. a3 cxd4 9. Nxd4 Nc5 10. f3 a6 11. b4 e5 12. Nb3 Nxb3 13. Qxb3 Be6 14. Bg5 Qb6+ 15. Kh1 Rac8 16. Rfd1 h6 17. Bxf6 Bxf6 18. Nd5 Bxd5 19. Rxd5 Be7 20. Rad1 Kg7 21. Qc3 Qf2 22. Bf1 f5 23. R5d2 Qh4 24. g3 Qf6 25. exf5 gxf5 26. Bh3 b5 27. Bf1 bxc4 28. Bxc4 Rc6 29. Qd3 Rfc8 30. Bxa6 e4 31. fxe4 fxe4 32. Qxe4 Rxa6 33. Qg4+ Qg6 34. Qxc8 Qe4+ 35. Rg2 Rxa3 36. Rf1 Rb3 37. Qe8 Rb1 38. Qf7+ Kh8 39. b5 d5 40. h3 Rxf1+ 41. Qxf1 d4 42. Qe2 Qh7 43. Qe5+ 1-0

[Event "Trois-Riveres op"]
[Site "Trois-Rivieres CAN"]
[Date "2017.03.18"]
[Round "2.13"]
[White "Saha, Ananda"]
[Black "Singher, Jean-Pierre"]
[Result "1/2-1/2"]
[WhiteElo "2121"]
[BlackElo "2021"]
[WhiteFideId "-1"]
[WhiteFideId "-1"]
[PlyCount "122"]
[GameId "2160767908478118"]
[EventDate "2017.03.17"]
[EventType "swiss"]
[EventRounds "5"]
[EventCountry "CAN"]
[SourceTitle "hb 2017"]

1. d4 Nf6 2. c4 e6 3. Nf3 d5 4. Nc3 Be7 5. cxd5 exd5 6. Bg5 O-O 7. e3 Nbd7 8. Bd3 Re8 9. O-O c6 10. Qc2 Nf8 11. h3 g6 12. Bxf6 Bxf6 13. b4 a6 14. a4 Ne6 15. Rfd1 Ng7 16. b5 a5 17. bxc6 bxc6 18. Ne2 Qd6 19. Rac1 Bd7 20. Ng3 Ne6 21. h4 Nc7 22. h5 Bg7 23. hxg6 hxg6 24. Rb1 Na6 25. Bxa6 Rxa6 26. Rdc1 Bg4 27. Qd3 Ra7 28. Rb6 Rc8 29. Qc3 Bd7 30. Ne5 Bxe5 31. dxe5 Qc7 32. Rb2 c5 33. Rd2 Be6 34. f4 Rb7 35. Qc2 Rb4 36. f5 Qxe5 37. fxe6 Qxe3+ 38. Rf2 Rc4 39. exf7+ Kh7 40. Qxc4 dxc4 41. Ne2 Rf8 42. Rc3 Qd2 43. Rcf3 Qd1+ 44. Kh2 Kg7 45. Nf4 Rh8+ 46. Nh3 Qd6+ 47. g3 Rf8 48. Kg2 Qd5 49. Nf4 Qxf7 50. Nxg6 Qxg6 51. Rxf8 c3 52. R8f3 c2 53. Rc3 Qe4+ 54. Kh2 Qxa4 55. Rfxc2 Qb4 56. Rxc5 a4 57. Rc7+ Kg6 58. R2c6+ Kf5 59. Rc5+ Kg6 60. Kh3 a3 61. R5c6+ Kf5 1/2-1/2

[Event "Trois-Riveres op"]
[Site "Trois-Rivieres CAN"]
[Date "2017.03.18"]
[Round "2.14"]
[White "Bleau, John"]
[Black "Fortier, Marc-Andre"]
[Result "0-1"]
[WhiteElo "1929"]
[BlackElo "2102"]
[WhiteFideId "-1"]
[WhiteFideId "-1"]
[PlyCount "72"]
[GameId "2160767908478119"]
[EventDate "2017.03.17"]
[EventType "swiss"]
[EventRounds "5"]
[EventCountry "CAN"]
[SourceTitle "hb 2017"]

1. d4 Nf6 2. Nf3 c5 3. d5 d6 4. c4 g6 5. Nc3 Bg7 6. e4 O-O 7. h3 a6 8. Bd3 Nbd7 9. O-O e5 10. dxe6 fxe6 11. Ng5 Qe7 12. f4 Nh5 13. e5 dxe5 14. Nxh7 exf4 15. Nxf8 Bd4+ 16. Kh2 Nxf8 17. Qg4 e5 18. Nd5 Bxg4 19. Nxe7+ Kf7 20. hxg4 Ng3 21. Nd5 Nxf1+ 22. Bxf1 Ne6 23. g3 f3 24. Be3 Rh8+ 25. Kg1 e4 26. Rd1 Rd8 27. b3 Rxd5 28. cxd5 Bxe3+ 29. Kh2 Nd4 30. Rb1 Bd2 31. Kg1 e3 32. Bd3 Ne2+ 33. Kh2 Nc1 34. Rxc1 Bxc1 35. Kg1 e2 36. Kf2 Bd2 0-1

[Event "Trois-Riveres op"]
[Site "Trois-Rivieres CAN"]
[Date "2017.03.18"]
[Round "2.15"]
[White "Johnson-Constantin, Mathieu"]
[Black "Qiao, Cindy"]
[Result "1-0"]
[WhiteElo "2073"]
[BlackElo "1886"]
[WhiteFideId "-1"]
[WhiteFideId "-1"]
[PlyCount "71"]
[GameId "2160767908478120"]
[EventDate "2017.03.17"]
[EventType "swiss"]
[EventRounds "5"]
[EventCountry "CAN"]
[SourceTitle "hb 2017"]

1. e4 c5 2. Nf3 d6 3. d4 cxd4 4. Nxd4 Nf6 5. Nc3 g6 6. Be2 Bg7 7. O-O Nc6 8. Be3 O-O 9. Nb3 Bd7 10. f4 Rc8 11. Kh1 Ne8 12. Qd2 Nc7 13. Rad1 Be6 14. f5 Bxb3 15. axb3 b6 16. fxg6 fxg6 17. Bc4+ Kh8 18. Rxf8+ Bxf8 19. Nd5 Ne5 20. Bd4 Bg7 21. Rf1 Nxc4 22. bxc4 Bxd4 23. Qxd4+ e5 24. Qd2 Nxd5 25. Qxd5 Rc7 26. Rd1 Rd7 27. b4 Rc7 28. c5 bxc5 29. bxc5 Qf6 30. Qxd6 Qxd6 31. cxd6 Rd7 32. c4 a5 33. c5 a4 34. c6 Rd8 35. c7 Ra8 36. d7 1-0

[Event "Trois-Riveres op"]
[Site "Trois-Rivieres CAN"]
[Date "2017.03.18"]
[Round "3.3"]
[White "Libersan, Thierry"]
[Black "Kleinman, Michael"]
[Result "1/2-1/2"]
[WhiteElo "2214"]
[BlackElo "2297"]
[WhiteFideId "-1"]
[WhiteFideId "-1"]
[PlyCount "67"]
[GameId "2160767908478123"]
[EventDate "2017.03.17"]
[EventType "swiss"]
[EventRounds "5"]
[EventCountry "CAN"]
[SourceTitle "hb 2017"]

1. d4 Nf6 2. Bf4 g6 3. Nc3 d5 4. Qd2 c5 5. O-O-O Bg7 6. dxc5 Nc6 7. Bh6 Bxh6 8. Qxh6 Qa5 9. Nf3 Bf5 10. e3 Qxc5 11. Bb5 O-O-O 12. Bxc6 bxc6 13. h3 Ne4 14. Nxe4 Bxe4 15. Ne1 f6 16. f3 g5 17. Nd3 Qxe3+ 18. Kb1 Bxd3 19. Rxd3 Qe6 20. h4 gxh4 21. Qxh4 Rd7 22. Re1 Qd6 23. Qa4 c5 24. c3 Rg8 25. g4 Rb7 26. Qd1 Rd8 27. Qd2 Kb8 28. Qh6 e5 29. g5 fxg5 30. Qxd6+ Rxd6 31. Rxe5 h6 32. Rdxd5 Rxd5 33. Rxd5 Rf7 34. Rd6 1/2-1/2

[Event "Trois-Riveres op"]
[Site "Trois-Rivieres CAN"]
[Date "2017.03.18"]
[Round "3.7"]
[White "Poulin, Mathieu"]
[Black "Tanaka, Tyler"]
[Result "1/2-1/2"]
[WhiteElo "2248"]
[BlackElo "2022"]
[WhiteFideId "-1"]
[WhiteFideId "-1"]
[PlyCount "66"]
[GameId "2160767908478127"]
[EventDate "2017.03.17"]
[EventType "swiss"]
[EventRounds "5"]
[EventCountry "CAN"]
[SourceTitle "EXT 2022"]
[Source "ChessBase"]
[SourceDate "2021.10.06"]
[SourceVersion "1"]
[SourceVersionDate "2021.10.06"]
[SourceQuality "1"]

1. d4 Nf6 2. c4 c5 3. Nf3 g6 4. Nc3 cxd4 5. Nxd4 Bg7 6. e4 d6 7. Be2 O-O 8. O-O Nc6 9. Be3 Bd7 10. Rc1 Nxd4 11. Bxd4 Bc6 12. f3 a5 13. Bf2 Nd7 14. Qd2 Nc5 15. Bh4 Qb6 16. Kh1 Rfe8 17. Rc2 a4 18. Nd5 Bxd5 19. exd5 Rac8 20. Bf2 Qc7 21. Rd1 Nd7 22. Qb4 Ra8 23. Bf1 Nc5 24. Bd4 Bxd4 25. Rxd4 Qa5 26. Qc3 Qxc3 27. Rxc3 Kg7 28. Kg1 Ra6 29. Kf2 Rb6 30. Rd2 Kf6 31. Re3 Ra8 32. Rde2 Re8 33. Ke1 Rb4 1/2-1/2

[Event "Trois-Riveres op"]
[Site "Trois-Rivieres CAN"]
[Date "2017.03.18"]
[Round "3.8"]
[White "Daigle, Gilles"]
[Black "Laptos, Krzysztof"]
[Result "1/2-1/2"]
[WhiteElo "2073"]
[BlackElo "2190"]
[WhiteFideId "-1"]
[WhiteFideId "-1"]
[PlyCount "25"]
[GameId "2160767908478128"]
[EventDate "2017.03.17"]
[EventType "swiss"]
[EventRounds "5"]
[EventCountry "CAN"]
[SourceTitle "EXT 2022"]
[Source "ChessBase"]
[SourceDate "2021.10.06"]
[SourceVersion "1"]
[SourceVersionDate "2021.10.06"]
[SourceQuality "1"]

1. e4 d6 2. d4 Nf6 3. Nc3 c6 4. Nf3 Bg4 5. Be2 e6 6. O-O d5 7. e5 Nfd7 8. Ng5 Bxe2 9. Qxe2 h6 10. Nxe6 fxe6 11. Qh5+ Ke7 12. Qh4+ Ke8 13. Qh5+ 1/2-1/2

[Event "Trois-Riveres op"]
[Site "Trois-Rivieres CAN"]
[Date "2017.03.18"]
[Round "3.10"]
[White "Fortier, Marc-Andre"]
[Black "Soudre, Nicolas"]
[Result "1/2-1/2"]
[WhiteElo "2102"]
[BlackElo "2182"]
[WhiteFideId "-1"]
[WhiteFideId "-1"]
[PlyCount "30"]
[GameId "2160767908478130"]
[EventDate "2017.03.17"]
[EventType "swiss"]
[EventRounds "5"]
[EventCountry "CAN"]
[SourceTitle "hb 2017"]

1. e4 e6 2. d3 d5 3. Nd2 Nf6 4. g3 dxe4 5. Nxe4 Nxe4 6. dxe4 Qxd1+ 7. Kxd1 e5 8. Be3 Nc6 9. c3 Be6 10. Kc2 O-O-O 11. Bh3 Bxh3 12. Nxh3 f6 13. f3 Be7 14. Rad1 Rxd1 15. Rxd1 Rd8 1/2-1/2

[Event "Trois-Riveres op"]
[Site "Trois-Rivieres CAN"]
[Date "2017.03.18"]
[Round "3.11"]
[White "Hirschberg, Valerian"]
[Black "Saha, Ananda"]
[Result "0-1"]
[WhiteElo "2353"]
[BlackElo "2121"]
[WhiteFideId "-1"]
[WhiteFideId "-1"]
[PlyCount "150"]
[GameId "2160767908478131"]
[EventDate "2017.03.17"]
[EventType "swiss"]
[EventRounds "5"]
[EventCountry "CAN"]
[SourceTitle "hb 2017"]

1. Nf3 d5 2. g3 c6 3. Bg2 Nf6 4. c4 dxc4 5. O-O Nbd7 6. Na3 Qc7 7. Nxc4 g6 8. d4 Bg7 9. Bf4 Qd8 10. Qd3 O-O 11. Rfd1 Nd5 12. Bd2 N5b6 13. e4 Nc5 14. Qc2 Nxc4 15. Qxc4 Nxe4 16. Bf4 Nf6 17. Be5 Be6 18. Qe2 Bg4 19. h3 Bxf3 20. Bxf3 Nd5 21. Bxg7 Kxg7 22. h4 e6 23. Rac1 Qf6 24. Bg2 Rfd8 25. Qc4 Rd7 26. b4 Nb6 27. Qc5 Rad8 28. b5 Rxd4 29. Rxd4 Qxd4 30. Qxd4+ Rxd4 31. bxc6 bxc6 32. Bxc6 Rc4 33. Rxc4 Nxc4 34. Kf1 Kf6 35. Ke2 Ke7 36. Ba4 Kd6 37. Be8 f6 38. f3 Ne5 39. Ba4 Nc6 40. Ke3 Nb4 41. Bb3 Nd5+ 42. Kd4 e5+ 43. Kd3 f5 44. Bc4 h6 45. Bb3 f4 46. g4 Nf6 47. Bf7 e4+ 48. Ke2 g5 49. hxg5 hxg5 50. Bg6 e3 51. Kd3 Nd7 52. Kc3 Kc5 53. Bd3 Ne5 54. Be2 Nc6 55. Bd1 Nb4 56. Bb3 a5 57. a3 Nc6 58. Bd1 Nd4 59. Kd3 e2 60. Bxe2 Nxe2 61. Kxe2 Kc4 62. Kd2 Kd4 63. a4 Kc4 64. Kc2 Kb4 65. Kd3 Kxa4 66. Ke4 Kb5 67. Kf5 a4 68. Kxg5 a3 69. Kxf4 a2 70. g5 a1=Q 71. Kf5 Qg7 72. g6 Kc6 73. f4 Kd5 74. Kg5 Ke4 75. f5 Ke5 0-1

[Event "Trois-Riveres op"]
[Site "Trois-Rivieres CAN"]
[Date "2017.03.18"]
[Round "3.12"]
[White "Cazelais, Marc"]
[Black "Auger, Bertrand"]
[Result "0-1"]
[WhiteElo "2167"]
[BlackElo "1966"]
[WhiteFideId "-1"]
[WhiteFideId "-1"]
[PlyCount "102"]
[GameId "2160767908478132"]
[EventDate "2017.03.17"]
[EventType "swiss"]
[EventRounds "5"]
[EventCountry "CAN"]
[SourceTitle "hb 2017"]

1. e4 e6 2. d4 d5 3. Nd2 dxe4 4. Nxe4 Bd7 5. Nf3 Bc6 6. Bd3 Nd7 7. Qe2 Ngf6 8. Bg5 Be7 9. h4 Bxe4 10. Bxe4 Nxe4 11. Qxe4 c6 12. O-O-O h6 13. Bxe7 Qxe7 14. Kb1 Nf6 15. Qe2 O-O-O 16. Ne5 Qc7 17. Rh3 Nd5 18. Ra3 Kb8 19. c4 Nf4 20. Qe4 f6 21. Nd3 e5 22. Nc5 Qb6 23. Rb3 Qxc5 24. dxc5 Rxd1+ 25. Kc2 Rhd8 26. Re3 R1d4 27. Qh7 Ne6 28. b3 a5 29. Re2 a4 30. bxa4 Rxc4+ 31. Kb3 Rxc5 32. Kb2 Rcd5 33. g3 Nc5 34. Qxg7 Nxa4+ 35. Kb3 Nc5+ 36. Kb2 Nd3+ 37. Ka1 Rb5 38. Qxf6 Rd4 39. a3 Rb3 40. f4 c5 41. fxe5 Rxa3+ 42. Ra2 Rc3 43. Qf8+ Kc7 44. Ra8 Kb6 45. Qxh6+ Kb5 46. Kb1 Rb4+ 47. Ka2 Nc1+ 48. Ka1 Nd3 49. Ka2 Rc2+ 50. Ka1 Rc1+ 51. Ka2 Rb2+ 0-1

[Event "Trois-Riveres op"]
[Site "Trois-Rivieres CAN"]
[Date "2017.03.18"]
[Round "3.13"]
[White "Singher, Jean-Pierre"]
[Black "Pare, Marc"]
[Result "1/2-1/2"]
[WhiteElo "2021"]
[BlackElo "2076"]
[WhiteFideId "-1"]
[WhiteFideId "-1"]
[PlyCount "119"]
[GameId "2160767908478133"]
[EventDate "2017.03.17"]
[EventType "swiss"]
[EventRounds "5"]
[EventCountry "CAN"]
[SourceTitle "hb 2017"]

1. Nf3 d5 2. d4 Nf6 3. c4 e6 4. Nc3 b6 5. cxd5 exd5 6. Bf4 Bd6 7. Bg5 Bb7 8. e3 O-O 9. Bd3 Nbd7 10. Qc2 h6 11. Bh4 a6 12. Bg3 Qe7 13. Nh4 Bxg3 14. hxg3 Ne4 15. Nf5 Qe6 16. g4 h5 17. Bxe4 dxe4 18. d5 Qe8 19. Rxh5 g6 20. Rg5 Nc5 21. O-O-O Qd8 22. f4 exf3 23. Nh6+ Kg7 24. Nxf7 Qf6 25. gxf3 Rxf7 26. f4 Re8 27. b4 Rxe3 28. bxc5 Rxc3 29. Rxg6+ Qxg6 30. Qxc3+ Qf6 31. Qxf6+ Rxf6 32. d6 cxd6 33. cxb6 d5 34. Rd4 Rxb6 35. Kc2 Kf7 36. Kc3 Ke6 37. Rd2 Rc6+ 38. Kd3 a5 39. Re2+ Kd6 40. Rf2 Ba6+ 41. Kd2 Bc8 42. Rg2 Rc4 43. Ke3 Rc3+ 44. Kd2 Rf3 45. f5 Rf4 46. Ke3 Re4+ 47. Kf3 Ke5 48. Rb2 Rc4 49. Re2+ Kf6 50. Re8 Bd7 51. Rf8+ Ke7 52. Ra8 a4 53. Ra7 Ke8 54. Ra8+ Rc8 55. Rxc8+ Bxc8 56. Kf4 Ba6 57. Ke5 Bc4 58. a3 Kf7 59. g5 Bb3 60. f6 1/2-1/2

[Event "Trois-Riveres op"]
[Site "Trois-Rivieres CAN"]
[Date "2017.03.18"]
[Round "3.14"]
[White "Lessard, Claude"]
[Black "Bleau, John"]
[Result "0-1"]
[Annotator ",Microsoft"]
[WhiteElo "2162"]
[BlackElo "1929"]
[WhiteFideId "-1"]
[WhiteFideId "-1"]
[PlyCount "45"]
[GameId "2160767740616997"]
[EventDate "2017.03.17"]
[EventType "swiss"]
[EventRounds "5"]
[EventCountry "CAN"]
[SourceTitle "hb 2017"]

1. d4 d5 2. e4 dxe4 3. Nc3 Nf6 4. f3 exf3 5. Nxf3 Bg4 6. Be2 e6 7. O-O Be7 8. h3 Bh5 9. g4 Bg6 10. Ne5 Nd5 11. Bf3 O-O 12. Nxd5 exd5 13. c4 Be4 14. c5 Bf6 15. Be3 Bxe5 16. dxe5 Qe7 17. Bxe4 dxe4 18. Qd4 Nc6 19. Qxe4 Qxe5 20. Qxe5 Nxe5 21. Bf4 Rfe8 22. Rad1 f6 23. g5 {etc.} 0-1